Zágoni Mikes Kelemen élete írta: Toncs Gusztáv. Budapest, 1897. Lampel B. bizománya. 250 1. Ara 2 frt. : [könyvismertetés] /

Elmentve itt :
Bibliográfiai részletek
Szerző: Császár Elemér
További közreműködők: Mikes Kelemen
Toncs Gusztáv
Dokumentumtípus: Cikk
Megjelent: 1898
Sorozat:Magyar pedagógia : a Magyar Tudományos Akadémia Pedagógiai Bizottságának folyóirata 7
Kulcsszavak:Mikes Kelemen, Magyar irodalom levelezés 1717-1758, Mikes Kelemen
Online Access:http://misc.bibl.u-szeged.hu/7433
LEADER 00858nab a2200205 i 4500
001 misc7433
005 20191106144213.0
008 170607s1898 hu o 0|| hun d
022 |a 0025-0260 
040 |a SZTE Miscellanea Repozitórium  |b hun 
041 |a hun 
100 1 |a Császár Elemér 
245 1 0 |a Zágoni Mikes Kelemen élete   |h [elektronikus dokumentum] :  |b írta: Toncs Gusztáv. Budapest, 1897. Lampel B. bizománya. 250 1. Ara 2 frt. : [könyvismertetés] /  |c  Császár Elemér 
260 |c 1898 
300 |a 437-441 
490 0 |a Magyar pedagógia : a Magyar Tudományos Akadémia Pedagógiai Bizottságának folyóirata  |v 7 
695 |a Mikes Kelemen, Magyar irodalom levelezés 1717-1758, Mikes Kelemen 
700 0 1 |a Mikes Kelemen 
700 0 1 |a Toncs Gusztáv 
856 4 0 |u http://misc.bibl.u-szeged.hu/7433/1/mp_1898_0554_437-441.pdf  |z Dokumentum-elérés